[Event "ch-CZE Junior 2017"]
[Site "Kouty nad Desnou CZE"]
[Date "2017.03.11"]
[Round "2.5"]
[White "Pulpan,J"]
[Black "Kozusek,Daniel"]
[Result "1-0"]
[WhiteElo "2394"]
[BlackElo "2216"]

1.e4 e6 2.d4 d5 3.Nc3 Bb4 4.e5 c5 5.a3 Bxc3+ 6.bxc3 Ne7 7.h4 Qa5 8.Bd2 Nbc6
9.Nf3 Bd7 10.h5 h6 11.Bd3 c4 12.Be2 O-O-O 13.g3 f6 14.Kf1 fxe5 15.dxe5 g5
16.hxg6 Nxg6 17.Rh5 Rdg8 18.Kg2 Be8 19.Qh1 Qc7 20.Re1 Qf7 21.Qh3 Nf4+ 22.Bxf4
Qxh5 23.Qxe6+ Bd7 24.Qxd5 Qh3+ 25.Kg1 Be6 26.Qd6 Rd8 27.Qc5 Rhf8 28.Bf1 Qg4
29.Nd4 Bd5 30.Bxc4 b6 31.Qb5 Nxd4 32.cxd4 Bb7 33.Qb3 Kb8 34.Qe3 Rxf4 35.Qxf4
Qxf4 36.gxf4 Rxd4 37.Bd3 Rxf4 38.e6 Bc6 39.e7 Be8 40.Re6 Rg4+ 41.Kh2 Kc7 42.f3
Rg7 43.Bf5 h5 44.f4 a5 45.Bh3 h4 46.f5 Rg3 47.Rh6 Rxa3 48.Rh8 Rc3 49.Rxe8
Rxc2+ 50.Kg1 Kd7 51.Rc8 {#r} 1-0

[Event "ch-CZE Junior 2017"]
[Site "Kouty nad Desnou CZE"]
[Date "2017.03.11"]
[Round "2.6"]
[White "Eret,Jonas"]
[Black "Hollan,Petr"]
[Result "0-1"]
[WhiteElo "2235"]
[BlackElo "2332"]

1.b3 e5 2.Bb2 Nc6 3.e3 g6 4.Bb5 Bg7 5.Nf3 Nge7 6.d4 exd4 7.Nxd4 O-O 8.Nxc6
dxc6 9.Bxg7 Qxd1+ 10.Kxd1 Kxg7 11.Bd3 Nd5 12.Kc1 Be6 13.Kb2 Rad8 14.Nc3 Nf6
15.h3 h5 16.Rad1 Rfe8 17.e4 Nd7 18.Be2 b5 19.a3 a5 20.f4 a4 21.b4 Nb6 22.Rxd8
Rxd8 23.Rd1 Re8 24.e5 f6 25.exf6+ Kxf6 26.g4 hxg4 27.hxg4 Bf7 28.Rd4 Rh8
29.Ne4+ Ke7 30.f5 gxf5 31.gxf5 Bd5 32.Nc3 Kd6 33.Rg4 Rh2 34.Rg6+ Ke5 35.Bd3
Bc4 36.Be4 Bf7 37.Rxc6 Nc4+ 38.Kc1 Kd4 39.Rxc7 Kxc3 40.Rxf7 Re2 41.Bf3 Rxc2+
42.Kd1 Nb2+ 43.Ke1 Nd3+ 44.Kd1 Rd2# 0-1

[Event "41st Blackpool Conference"]
[Site "Blackpool ENG"]
[Date "2017.03.11"]
[Round "2.1"]
[White "Mitchell,M"]
[Black "Hebden,M"]
[Result "1-0"]
[WhiteElo "2208"]
[BlackElo "2490"]

1.d4 Nf6 2.c4 g6 3.Nc3 Bg7 4.e4 d6 5.Be2 O-O 6.Nf3 e5 7.d5 a5 8.Bg5 h6 9.Bh4
Na6 10.O-O Qe8 11.Nd2 Nh7 12.a3 Bd7 13.b3 h5 14.f3 Bh6 15.Bf2 Qe7 16.Qc2 h4
17.Kh1 Bf4 18.Rfd1 Qg5 19.Nf1 Nf6 20.c5 Nxc5 21.Bxc5 dxc5 22.d6 Bc6 23.dxc7
Nh5 24.Nd5 b6 25.Nxb6 Ng3+ 26.Nxg3 hxg3 27.Nxa8 Kg7 28.Rd8 Rxd8 29.cxd8=Q Qxd8
30.Qxc5 Qxa8 31.h3 g5 32.Bc4 Qe8 33.Bd5 Bd7 34.b4 a4 35.Rb1 g4 36.fxg4 Bxg4
37.Qc7 Be6 38.Rd1 Bxd5 39.Rxd5 Qe6 40.b5 Qg6 41.Qc4 Be3 42.Rxe5 Qd6 43.Rf5 f6
44.e5 Qxa3 45.exf6+ Kf8 46.f7 {#r} 1-0

[Event "41st Blackpool Conference"]
[Site "Blackpool ENG"]
[Date "2017.03.11"]
[Round "2.2"]
[White "Merry,Alan B"]
[Black "Shaw,Robe"]
[Result "1-0"]
[WhiteElo "2414"]
[BlackElo "2209"]

1.d4 d5 2.c4 e6 3.Nc3 c5 4.cxd5 exd5 5.Nf3 Nc6 6.g3 Nf6 7.Bg2 Be7 8.O-O O-O
9.dxc5 Bxc5 10.a3 a6 11.b4 Be7 12.Bb2 Bg4 13.h3 Be6 14.e3 Ne4 15.Ne2 Bf6
16.Nfd4 Nxd4 17.Bxd4 Rc8 18.Rc1 Rxc1 19.Qxc1 Qc8 20.Bxf6 Nxf6 21.Nf4 Qxc1
22.Rxc1 g5 23.Nd3 Rc8 24.Rxc8+ Bxc8 25.a4 Kf8 26.f4 h6 27.a5 Ke7 28.Nc5 Kd6
29.Kf2 Nd7 30.Nxd7 Bxd7 31.fxg5 hxg5 32.h4 gxh4 33.gxh4 Ke5 34.Kg3 Be6 35.h5
f6 36.h6 Bg8 37.Bh3 f5 38.Kf3 Bh7 39.Bf1 d4 40.exd4+ Kxd4 41.Kf4 Kc3 42.b5
axb5 43.Bxb5 Kb4 44.Bd3 Kxa5 45.Bxf5 {#r} 1-0

[Event "41st Blackpool Conference"]
[Site "Blackpool ENG"]
[Date "2017.03.11"]
[Round "2.3"]
[White "Surtees,M"]
[Black "Wells,P"]
[Result "0-1"]
[WhiteElo "2086"]
[BlackElo "2433"]

1.e4 c5 2.Nh3 g6 3.f4 Bg7 4.Nf2 d5 5.d3 Nc6 6.Nd2 e5 7.g3 exf4 8.gxf4 Nf6
9.Be2 Nd4 10.Nb3 Nxe2 11.Qxe2 O-O 12.Be3 b6 13.O-O-O Re8 14.c4 a5 15.cxd5 a4
16.Nd2 a3 17.b3 Nxd5 18.exd5 Qf6 19.d4 Bf5 20.Rde1 cxd4 21.Bxd4 Rec8+ 22.Nc4
Qxd4 23.Rd1 Qc3+ {#R} 0-1

[Event "41st Blackpool Conference"]
[Site "Blackpool ENG"]
[Date "2017.03.11"]
[Round "2.4"]
[White "Storey,Ch"]
[Black "Moreby,James"]
[Result "1-0"]
[WhiteElo "2255"]
[BlackElo "2147"]

1.e4 c5 2.Nf3 e6 3.c3 d5 4.exd5 exd5 5.d4 Nc6 6.Bb5 Bd6 7.O-O Ne7 8.Be3 cxd4
9.Nxd4 O-O 10.Nd2 Ne5 11.N2f3 Bg4 12.Be2 Nc4 13.Bc1 a6 14.b3 Bxf3 15.Nxf3 Ne5
16.Nd4 Qc7 17.Bb2 N5c6 18.g3 Nxd4 19.Qxd4 Be5 20.Qd3 Rac8 21.Rac1 g6 22.Rfd1
Rfd8 23.Bg4 f5 24.Bf3 Qd6 25.Rd2 Qf6 26.Re2 d4 27.c4 Nc6 28.Bd5+ Kh8 29.f4 Bb8
30.Re6 Qg7 31.Rxc6 bxc6 32.Bxd4 Ba7 33.c5 Rxd5 34.Bxg7+ Kxg7 35.Qxa6 {#r} 1-0

[Event "41st Blackpool Conference"]
[Site "Blackpool ENG"]
[Date "2017.03.11"]
[Round "2.7"]
[White "Crocker,P"]
[Black "Allen,K"]
[Result "1-0"]
[WhiteElo "2068"]
[BlackElo "2231"]

1.c4 e6 2.g3 Nf6 3.Bg2 d5 4.Nf3 dxc4 5.Na3 Bxa3 6.bxa3 b5 7.a4 a6 8.Bb2 Bb7
9.axb5 axb5 10.a4 b4 11.O-O Nbd7 12.Qc2 Bd5 13.Nd4 Nc5 14.Nc6 Qd6 15.Nxb4 Bxg2
16.Kxg2 Nb3 17.Qxc4 Nxa1 18.Rxa1 O-O 19.d3 c5 20.Nc2 Qd5+ 21.f3 Qxc4 22.dxc4
Rfb8 23.Be5 Rb7 24.a5 Nd7 25.Bc3 Rb3 26.Ra3 Rab8 27.Kf2 f6 28.f4 Kf7 29.g4 Ke7
30.h4 Rxa3 31.Nxa3 Rb3 32.Nb5 Nb8 33.g5 h5 34.gxh6 gxh6 35.Kf3 h5 36.Ke4 Na6
37.f5 Nc7 38.Bxf6+ Kxf6 39.Nxc7 Rc3 40.fxe6 Rxc4+ 41.Kd5 Rxh4 42.a6 Ra4 43.Kd6
h4 44.e7 Rd4+ 45.Nd5+ {#r} 1-0

[Event "41st Blackpool Conference"]
[Site "Blackpool ENG"]
[Date "2017.03.11"]
[Round "2.10"]
[White "Russell,Harry"]
[Black "Zhou,Qiyu"]
[Result "0-1"]
[WhiteElo "2009"]
[BlackElo "2287"]

1.Nf3 Nf6 2.c4 e6 3.g3 d5 4.Bg2 Be7 5.O-O O-O 6.b3 d4 7.Bb2 c5 8.d3 Nc6 9.e3
e5 10.exd4 cxd4 11.Re1 Nd7 12.a3 a5 13.Qe2 Re8 14.Nbd2 f6 15.Nh4 Nc5 16.Bd5+
Be6 17.Bxe6+ Nxe6 18.Ne4 g6 19.Qg4 Ng7 20.Qh3 f5 21.Nd2 Bxh4 22.gxh4 g5 23.Qg2
g4 24.f3 Qxh4 25.fxg4 Qxg4 26.Qxg4 fxg4 27.Re4 h5 28.h3 Ne6 29.hxg4 Nc5
30.gxh5 Nxd3 31.Rf1 Nxb2 32.Rg4+ Kh8 33.Rf6 Re7 34.Ne4 d3 35.Nd6 Rh7 36.Rf2
Nd1 37.Nf7+ Rxf7 38.Rxf7 Rg8 39.Rxg8+ Kxg8 40.Rd7 Nd4 41.h6 d2 {#R} 0-1

[Event "41st Blackpool Conference"]
[Site "Blackpool ENG"]
[Date "2017.03.11"]
[Round "3.1"]
[White "Kett,T"]
[Black "Merry,Alan B"]
[Result "0-1"]
[WhiteElo "2210"]
[BlackElo "2414"]

1.e4 d5 2.exd5 Qxd5 3.Nc3 Qd6 4.d4 Nf6 5.Be3 a6 6.Qd2 b5 7.Bd3 Bb7 8.f3 Nbd7
9.Nge2 c5 10.dxc5 Nxc5 11.Bxc5 Qxc5 12.O-O-O e6 13.Ne4 Nxe4 14.Bxe4 Qc7
15.Bxb7 Qxb7 16.Qd4 Qa7 17.Qxa7 Rxa7 18.Rd3 Be7 19.Rhd1 Bf6 20.Ng3 Ke7 21.Ne4
Be5 22.g3 f5 23.Nf2 Rc8 24.f4 Bb8 25.R3d2 h6 26.Nd3 g5 27.h4 gxh4 28.gxh4 Kf6
29.Rg1 Rc4 30.Rdg2 Bxf4+ 31.Nxf4 Rxf4 32.Rg6+ Ke5 33.Re1+ Re4 34.Rxe4+ fxe4
35.Kd2 Rf7 36.Ke3 Rf3+ 37.Ke2 h5 38.Rg5+ Kf4 39.a4 bxa4 40.Ra5 Rh3 41.Rxa4
Rh2+ 42.Kd1 Kf3 43.Rxa6 Rh1+ 44.Kd2 e3+ 45.Kd3 e2 46.Rxe6 e1=Q 47.Rxe1 Rxe1
48.b4 Rd1+ 49.Kc4 Ke4 50.b5 Rc1 51.c3 Ke5 {#R} 0-1

[Event "41st Blackpool Conference"]
[Site "Blackpool ENG"]
[Date "2017.03.11"]
[Round "3.2"]
[White "Wells,P"]
[Black "Mitchell,M"]
[Result "1-0"]
[WhiteElo "2433"]
[BlackElo "2208"]

1.d4 Nf6 2.Nf3 e6 3.c4 c5 4.Nc3 cxd4 5.Nxd4 Bb4 6.g3 Ne4 7.Qc2 Qa5 8.Bg2 Nxc3
9.O-O Na4 10.a3 Nb6 11.Nb3 Qa6 12.c5 Bxc5 13.Nxc5 Qc4 14.Qxc4 Nxc4 15.Nxb7 d5
16.b3 Nb6 17.Nd6+ Ke7 18.Nxc8+ Rxc8 19.e4 Nc6 20.exd5 Nxd5 21.Bb2 f6 22.Rfd1
Rd8 23.Rac1 Rac8 24.Rc5 Kd6 25.b4 Ne7 26.Ra5 Rc2 27.Bd4 Nc6 28.Bxd5 Nxa5
29.Be4 {#r} 1-0

[Event "41st Blackpool Conference"]
[Site "Blackpool ENG"]
[Date "2017.03.11"]
[Round "3.6"]
[White "Okhai,Shabir"]
[Black "Milson,Samuel A"]
[Result "1-0"]
[WhiteElo "2105"]
[BlackElo "2106"]

1.e4 e5 2.Nf3 Nc6 3.Bc4 Bc5 4.d3 d6 5.c3 Nf6 6.Bg5 h6 7.Bh4 Qe7 8.Bb3 Be6
9.Bc2 d5 10.exd5 Bxd5 11.O-O O-O 12.Re1 Qd6 13.Nbd2 Nd7 14.Bg3 Qf6 15.Ne4 Bxe4
16.Rxe4 Bd6 17.Ba4 Qf5 18.b4 Nf6 19.Bxc6 bxc6 20.Rc4 a5 21.Rxc6 axb4 22.cxb4
Ra3 23.d4 e4 24.Ne5 Nd5 25.b5 f6 26.Nc4 Rd3 27.Qe1 Bxg3 28.hxg3 Rxd4 29.a4 Re8
30.Rd1 Rxd1 31.Qxd1 Qg5 32.Qd2 e3 33.Nxe3 Nxe3 34.fxe3 Qxg3 35.Qf2 Qe5 36.Qf4
Qa1+ 37.Kh2 Re5 38.g4 Qb2+ 39.Kg3 Qe2 40.Qc4+ Qxc4 41.Rxc4 Rxe3+ 42.Kf4 Ra3
43.Kf5 h5 44.gxh5 Kh7 45.Ke6 Kh6 46.Kd7 Kxh5 47.Kxc7 g5 48.b6 g4 49.b7 Rb3
50.Rc5+ {#r} 1-0

[Event "41st Blackpool Conference"]
[Site "Blackpool ENG"]
[Date "2017.03.11"]
[Round "3.9"]
[White "Hebden,M"]
[Black "Tate,A"]
[Result "1-0"]
[WhiteElo "2490"]
[BlackElo "2337"]

1.d4 d5 2.Nf3 Nf6 3.c4 c6 4.e3 Bg4 5.h3 Bh5 6.g4 Bg6 7.Ne5 e6 8.Nd2 Nbd7
9.Nxg6 hxg6 10.Bg2 Bd6 11.Qb3 Qc7 12.g5 Nh5 13.Nf3 f5 14.gxf6 gxf6 15.Bd2 Ng7
16.O-O-O b5 17.cxb5 cxb5+ 18.Kb1 Qc4 19.Bf1 Qxb3 20.axb3 Nf5 21.Bxb5 Rb8
22.Ba4 Ke7 23.Rdg1 Nf8 24.h4 Bb4 25.Bc3 Nd6 26.Nd2 a5 27.Rc1 Rb7 28.Kc2 Nd7
29.Kd3 Nf5 30.Nf3 Nd6 31.Rhg1 Rh6 32.Rg2 Nb6 33.Bxb4 axb4 34.Rc6 Nd7 35.Rg1
Nb8 36.Rc2 Kd8 37.Nd2 Rc7 38.Rc5 Rxc5 39.dxc5 Nf5 40.Ne4 Ke7 41.Bb5 Nxh4
42.Rh1 g5 {#r} 1-0

[Event "72nd ch-AZE 2017"]
[Site "Baku AZE"]
[Date "2017.03.11"]
[Round "5.2"]
[White "Ahmadzada,Ahmad"]
[Black "Rasulov,Vu"]
[Result "0-1"]
[WhiteElo "2343"]
[BlackElo "2506"]

1.e4 d6 2.d4 Nf6 3.Nc3 e5 4.Nf3 exd4 5.Nxd4 Be7 6.Be2 O-O 7.O-O Re8 8.Re1 Bf8
9.Bf1 a6 10.g3 c5 11.Nf3 Nc6 12.h3 b5 13.Bg5 h6 14.Bxf6 Qxf6 15.a4 b4 16.Nd5
Qd8 17.Nd2 Rb8 18.Nc4 a5 19.c3 g6 20.Qd2 Bg7 21.Rad1 bxc3 22.bxc3 Ne5 23.Nxe5
Rxe5 24.Nf4 Bb7 25.Bc4 g5 26.Nd3 Rxe4 27.Rxe4 Bxe4 28.Nxc5 Bc6 29.Bd5 Be8
30.Ne4 Kh8 31.Qc2 Qe7 32.Nd2 Qe2 33.Bf3 Qe6 34.Ne4 Be5 35.Bg2 Rc8 36.Re1 Kg7
37.Qd1 f5 38.Nd2 Rxc3 39.Nf3 Rc5 40.Nxe5 Rxe5 41.Qa1 f4 42.Kh2 Qf6 43.Rd1 h5
44.Qa3 Re6 45.Rc1 fxg3+ 46.fxg3 h4 47.Rc7+ Kh6 48.gxh4 Qe5+ 49.Kh1 Qe1+ 50.Kh2
Qxh4 51.Qc3 Qf4+ 52.Kg1 Re5 53.Rc4 Qf6 54.Kh2 Kg7 55.Qd4 Rc5 56.Qxf6+ Kxf6
57.Rd4 Ke7 58.Kg3 Rc3+ 59.Kg4 Bd7+ 60.Kh5 Rg3 61.Bf1 Bxh3 62.Bxh3 Rxh3+
63.Kxg5 Ke6 64.Kg4 Rb3 65.Rd1 Rb4+ {#R} 0-1

[Event "72nd ch-AZE 2017"]
[Site "Baku AZE"]
[Date "2017.03.11"]
[Round "5.3"]
[White "Suleymanli,Aydin"]
[Black "Muradli,Mahammad"]
[Result "0-1"]
[WhiteElo "2390"]
[BlackElo "2331"]

1.d4 Nf6 2.c4 g6 3.Nc3 Bg7 4.e4 d6 5.f4 O-O 6.Nf3 c5 7.d5 e6 8.Be2 exd5 9.cxd5
Bg4 10.e5 Bxf3 11.Bxf3 Re8 12.O-O dxe5 13.fxe5 Rxe5 14.Bf4 Nbd7 15.Bxe5 Nxe5
16.Qe2 Ne8 17.Kh1 Nd6 18.Be4 c4 19.Rae1 b5 20.Bc2 Rc8 21.Ne4 Rc7 22.Qd2 Nxe4
23.Rxe4 Qd6 24.h3 b4 25.Qe2 Re7 26.Re1 Bf6 27.Rf1 a5 28.Ba4 h5 29.Bc6 Bg7
30.Re1 c3 31.bxc3 bxc3 32.Ba4 Qxd5 33.Bb3 Qd6 34.Qe3 Kh7 35.Qg5 f6 36.Qg3 f5
37.R4e2 Qc5 38.Qh4 Qb4 39.Qg5 Qc5 40.Bc2 Rf7 41.Qg3 Qc7 42.Rf2 Ng4 43.Rf3 Qxg3
44.Rxg3 Nf2+ 45.Kg1 Bd4 46.Kh2 Rb7 47.Re6 Ne4 48.Rgxg6 Rb2 49.Bxe4 fxe4 50.Rg3
h4 51.Rg5 c2 52.Rc6 Rb1 53.Rd5 Bg1+ {#R} 0-1

[Event "72nd ch-AZE 2017"]
[Site "Baku AZE"]
[Date "2017.03.11"]
[Round "5.4"]
[White "Idrisov,T"]
[Black "Abdulov,Or"]
[Result "1-0"]
[WhiteElo "2315"]
[BlackElo "2384"]

1.d4 d6 2.c4 e5 3.dxe5 dxe5 4.Qxd8+ Kxd8 5.Nc3 Be6 6.e4 Nd7 7.Be3 Bb4 8.Bd2
Ngf6 9.f3 c6 10.O-O-O Ke8 11.Kc2 Nb6 12.b3 Rd8 13.Nge2 Bc5 14.Nc1 Nfd7 15.Nd3
Be7 16.Be3 f6 17.g3 Nf8 18.f4 exf4 19.gxf4 Bg4 20.Re1 Kf7 21.Rg1 Bc8 22.c5 Na8
23.f5 Nd7 24.Be2 Ne5 25.Nxe5+ fxe5 26.Bh5+ Kf8 27.Rxg7 Kxg7 28.Rg1+ Bg5
29.Bxg5 Rdf8 30.Be3+ Kf6 31.Bf2 Bxf5 32.Bh4+ Ke6 33.exf5+ Kxf5 34.Rf1+ Ke6
35.Bg4+ {#r} 1-0

[Event "72nd ch-AZE 2017"]
[Site "Baku AZE"]
[Date "2017.03.11"]
[Round "5.6"]
[White "Eynullayev,Altay"]
[Black "Guliev,Sarh"]
[Result "1-0"]
[WhiteElo "2274"]
[BlackElo "2403"]

1.d4 Nf6 2.c4 e6 3.g3 Bb4+ 4.Bd2 Qe7 5.Bg2 O-O 6.Nf3 Bxd2+ 7.Nbxd2 d6 8.O-O e5
9.dxe5 dxe5 10.Ng5 Rd8 11.Qc2 Nc6 12.e3 Nb4 13.Qc3 Rd3 14.Qc1 Bg4 15.a3 Rad8
16.Nde4 Na6 17.b4 h6 18.Nxf6+ Qxf6 19.Ne4 Qe6 20.b5 Be2 21.Re1 Rd1 22.Qb2 Rxa1
23.Rxa1 Bxc4 24.bxa6 b6 25.Qc2 c5 26.Rd1 Rxd1+ 27.Qxd1 Bxa6 28.Nc3 Qc4 29.Nd5
Qd3 30.Qxd3 Bxd3 31.Bf1 Be4 32.Ne7+ Kf8 33.Nc8 Bd5 34.Nxa7 {#r} 1-0

[Event "72nd ch-AZE 2017"]
[Site "Baku AZE"]
[Date "2017.03.11"]
[Round "5.8"]
[White "Aliyev,Ravan"]
[Black "Bashirli,Nail"]
[Result "0-1"]
[WhiteElo "2261"]
[BlackElo "2369"]

1.d4 Nf6 2.c4 e6 3.Nf3 b6 4.a3 Ba6 5.Nbd2 d5 6.e3 Be7 7.Bd3 O-O 8.b3 c5 9.Bb2
Nc6 10.Qe2 dxc4 11.bxc4 Qc7 12.O-O Rfd8 13.Rac1 Bb7 14.Rfd1 Rac8 15.Nb3 a5
16.dxc5 bxc5 17.Ng5 a4 18.Nd2 Ne5 19.Bb1 h6 20.f4 Ned7 21.Ngf3 Bd6 22.Nf1 e5
23.Nxe5 Bxe5 24.fxe5 Nxe5 25.Bxe5 Qxe5 26.Rxd8+ Rxd8 27.Rd1 Re8 28.Qf2 Bc6
29.Qf5 Qe7 30.Re1 Ne4 31.Ng3 g6 32.Qf4 Nxg3 33.Qxg3 Qe6 34.Qf4 Rd8 35.e4 Qxc4
36.Qxh6 Qd4+ 37.Kh1 Bxe4 38.Bxe4 Qxe4 39.Qc1 Qd5 40.h3 c4 41.Qc2 Qb5 42.Rb1
Qc6 43.Qc3 Qe4 44.Re1 Qf4 45.Qa5 Rd2 46.Qc3 Kh7 47.Kg1 Qf2+ {#R} 0-1

[Event "72nd ch-AZE 2017"]
[Site "Baku AZE"]
[Date "2017.03.11"]
[Round "5.9"]
[White "Guliev,L"]
[Black "Mustafin,Andrey"]
[Result "0-1"]
[WhiteElo "2365"]
[BlackElo "2270"]

1.e4 e5 2.Nf3 Nc6 3.Bb5 a6 4.Ba4 Nf6 5.O-O b5 6.Bb3 Bc5 7.c3 d6 8.d3 h6 9.Be3
O-O 10.Nbd2 Qe7 11.Re1 Bxe3 12.Rxe3 Be6 13.d4 Bxb3 14.Nxb3 Kh7 15.a4 bxa4
16.Rxa4 Rfb8 17.d5 Nd8 18.c4 Qd7 19.Ra2 Rb4 20.Nfd2 Nb7 21.Qc2 Ra4 22.Ra1
Rxa1+ 23.Nxa1 a5 24.Ra3 a4 25.Qb1 Qe8 26.Nc2 Nc5 27.Nb4 Rb8 28.Nc6 Rb6 29.Qc2
Qa8 30.h3 Qb7 31.Ra2 Nfd7 32.f4 Nb8 33.Nxb8 Qxb8 34.fxe5 dxe5 35.Qc3 Qe8
36.Kh2 Qe7 37.Nf3 f6 38.Nh4 Rb3 39.Qc2 Qe8 40.Qf2 Qh5 41.Nf3 Nd3 42.Qd2 Nf4
43.Ra3 Nxh3 44.gxh3 Qxf3 45.Rxb3 axb3 46.c5 Qxe4 47.Kg3 Qc2 48.Qe3 Qc4 49.d6
cxd6 50.cxd6 Qd5 51.Qb6 Qd3+ 52.Kg2 Qd2+ 53.Kf3 Qd3+ 54.Kg2 Qc2+ 55.Kf3 e4+
56.Kf4 Qd3 57.Kf5 Qd5+ 58.Kf4 g5+ 59.Kg3 Qe5+ 60.Kf2 Qxb2+ 61.Ke3 Qc2 62.Qb7+
Kg6 63.d7 Qd3+ 64.Kf2 b2 65.h4 b1=Q {#R} 0-1

[Event "72nd ch-AZE 2017"]
[Site "Baku AZE"]
[Date "2017.03.11"]
[Round "5.11"]
[White "Bayramov,Elvin"]
[Black "Akhmedov,F"]
[Result "0-1"]
[WhiteElo "2280"]
[BlackElo "2165"]

1.e4 b6 2.d3 Bb7 3.Nf3 d5 4.exd5 Bxd5 5.Nc3 Bb7 6.g3 Nf6 7.Bg2 e6 8.O-O Bd6
9.Ng5 Qc8 10.Nge4 Be5 11.Qf3 Bc6 12.Nxf6+ Bxf6 13.Ne4 Be7 14.Qg4 g6 15.Qf4 f5
16.Qe5 O-O 17.Ng5 Bxg5 18.Bxg5 Bxg2 19.Kxg2 Nc6 20.Qf4 Qd7 21.Qc4 Ne5 22.Qb3
Nf7 23.Bd2 e5 24.Rae1 Rfe8 25.Bc3 c5 26.f3 Rac8 27.a4 c4 28.dxc4 Qe6 29.a5
bxa5 30.Qa3 Rxc4 31.Qxa5 Qc6 32.Qxa7 e4 33.fxe4 Ra4 34.Qf2 Ng5 35.h4 Raxe4
36.Rxe4 Qxe4+ 37.Kh2 Qg4 38.Re1 Nf3+ 39.Qxf3 Qxf3 40.Rxe8+ Kf7 41.Re1 Qf2+
42.Kh3 h6 43.Rd1 g5 44.hxg5 hxg5 45.Rd6 f4 46.Rd3 f3 47.Bd4 Qg2+ 48.Kg4 Kg6
49.Re3 f2 50.Re6+ Kh7 51.Re7+ Kg8 52.Bxf2 Qxf2 53.c3 Qxb2 54.Re5 Qc2 55.Rxg5+
Kf7 56.Kh3 Kf6 57.Ra5 Qxc3 58.Ra8 Qb4 59.Ra2 Qe1 60.Kg2 Qe4+ 61.Kg1 {#R} 0-1

[Event "72nd ch-AZE 2017"]
[Site "Baku AZE"]
[Date "2017.03.11"]
[Round "5.12"]
[White "Soyunlu,N"]
[Black "Zeynalov,R"]
[Result "1-0"]
[WhiteElo "2032"]
[BlackElo "2237"]

1.g3 f5 2.Bg2 Nf6 3.d4 g6 4.c4 Bg7 5.Nc3 O-O 6.Nf3 d6 7.O-O Qe8 8.d5 a5 9.Nd4
Na6 10.b3 Bd7 11.Bb2 Nc5 12.a3 Nfe4 13.Nxe4 fxe4 14.Rb1 c6 15.b4 axb4 16.axb4
Na4 17.Ba1 Qf7 18.Qb3 Nb6 19.e3 cxd5 20.cxd5 Ba4 21.Qb2 Qxd5 22.Bh3 Bd7
23.Bxd7 Nxd7 24.Nf5 Bxb2 25.Nxe7+ Kg7 26.Nxd5 Be5 27.Nc7 Ra4 28.Ne6+ Kf7
29.Nxf8 Kxf8 30.Bxe5 Nxe5 31.Rfd1 Ke7 32.Kf1 Kd7 33.b5 Ra5 34.Rb4 Nf3 35.Kg2
Ng5 36.Rd5 h6 37.Rbd4 Ke7 38.Rxd6 Rxb5 39.Rxg6 Re5 40.Rxh6 {#r} 1-0

[Event "74th ch-GEO w 2017"]
[Site "Tbilisi GEO"]
[Date "2017.03.11"]
[Round "1.1"]
[White "Melia,S"]
[Black "Kuchava,A"]
[Result "1-0"]
[WhiteElo "2394"]
[BlackElo "2134"]
[EventType "tourn"]

1.e4 e5 2.Nf3 Nc6 3.Bb5 a6 4.Ba4 Nf6 5.O-O b5 6.Bb3 Bc5 7.a4 Bb7 8.d3 O-O
9.Nc3 b4 10.Nd5 h6 11.c3 d6 12.d4 exd4 13.cxd4 Ba7 14.Nxf6+ Qxf6 15.Bd5 Rab8
16.Be3 Bb6 17.Rc1 Nd8 18.Bxb7 Nxb7 19.Qd3 Qg6 20.Qxa6 Qxe4 21.Qb5 Ba5 22.d5
Bb6 23.Bxb6 Nc5 24.a5 cxb6 25.axb6 Qxd5 26.Rfd1 Qe6 27.Nd4 Qf6 28.Nc6 Rb7
29.Qxb4 Qg6 30.Na5 Rbb8 31.Qb5 Rfc8 32.h3 Qe4 33.Re1 Qg6 {#r} 1-0

[Event "74th ch-GEO w 2017"]
[Site "Tbilisi GEO"]
[Date "2017.03.11"]
[Round "1.2"]
[White "Khotenashvili,B"]
[Black "Tsereteli,T"]
[Result "1-0"]
[WhiteElo "2434"]
[BlackElo "2350"]
[EventType "tourn"]

1.d4 d5 2.c4 c6 3.e3 Nf6 4.Nf3 g6 5.Nc3 Bg7 6.Be2 O-O 7.O-O a6 8.a4 a5 9.Qb3
Na6 10.cxd5 cxd5 11.Bd2 Nb4 12.Rfc1 Ne4 13.Be1 Be6 14.Na2 Nxa2 15.Rxa2 Nd6
16.Raa1 h6 17.Ne5 g5 18.Bf3 Bxe5 19.dxe5 Nc4 20.Rd1 g4 21.Bxd5 Bxd5 22.e4 Nxe5
23.Rxd5 Qc7 24.Qg3 f6 25.Bc3 Kh8 26.Rxe5 {#r} 1-0

[Event "74th ch-GEO w 2017"]
[Site "Tbilisi GEO"]
[Date "2017.03.11"]
[Round "1.3"]
[White "Khurtsidze,N"]
[Black "Khukhashvili,S"]
[Result "1-0"]
[WhiteElo "2383"]
[BlackElo "2368"]
[EventType "tourn"]

1.Nf3 Nf6 2.c4 e6 3.Nc3 Bb4 4.Qc2 O-O 5.a3 Bxc3 6.Qxc3 b6 7.e3 Bb7 8.Be2 Ne4
9.Qc2 a5 10.b3 d6 11.Bb2 Nd7 12.d3 Ng5 13.h4 Nxf3+ 14.gxf3 e5 15.O-O-O Qe7
16.Rdg1 f6 17.d4 Kh8 18.Rh3 Rae8 19.Rhg3 Rf7 20.d5 Nf8 21.Bd3 c6 22.dxc6 Bxc6
23.Kb1 Qb7 24.Be4 d5 25.cxd5 Bxd5 26.Rd1 Rd7 27.Rxd5 Rxd5 28.Rg1 Red8 29.Ka2
Qf7 30.Bxd5 Rxd5 31.Rc1 h5 32.a4 Rc5 33.Qe4 Ne6 34.Rd1 b5 35.Qa8+ Kh7 36.Qxa5
bxa4 37.Qxa4 Qb7 38.Qe4+ Qxe4 39.fxe4 Rc2 40.Rd6 Nc7 41.f4 exf4 42.exf4 Nb5
43.Rd3 Rh2 44.b4 Rxh4 45.Rd5 Nc7 46.Rd7 Nb5 47.e5 fxe5 48.Bxe5 Rg4 49.Kb3 h4
50.f5 h3 51.f6 Nd4+ 52.Rxd4 Rxd4 53.Bxd4 h2 54.f7 h1=Q 55.f8=Q Qb1+ 56.Kc4
Qa2+ 57.Kb5 Qe2+ 58.Kc5 Qc2+ 59.Kb6 {#r} 1-0

[Event "74th ch-GEO w 2017"]
[Site "Tbilisi GEO"]
[Date "2017.03.11"]
[Round "1.4"]
[White "Khomeriki,N"]
[Black "Gvetadze,Sopi"]
[Result "0-1"]
[WhiteElo "2317"]
[BlackElo "2285"]
[EventType "tourn"]

1.d4 Nf6 2.c4 e6 3.Nf3 b6 4.g3 Bb7 5.Bg2 d5 6.cxd5 exd5 7.Nc3 Bd6 8.O-O O-O
9.Nb5 Be7 10.Bf4 Na6 11.Rc1 c6 12.Nc3 Nc7 13.Rc2 Ne6 14.Bc1 Bd6 15.Ng5 Re8
16.Qd3 Nc7 17.Re1 h6 18.Nf3 Ba6 19.Qd1 Bc8 20.e4 dxe4 21.Ne5 Bb7 22.Ng4 Nxg4
23.Qxg4 Bc8 24.Qh5 f5 25.Bxh6 Qf6 26.Be3 Bd7 27.Rcc1 b5 28.Bg5 Qf7 29.Qxf7+
Kxf7 30.f3 b4 31.Na4 Ne6 32.Be3 f4 33.gxf4 Nxf4 34.Bxf4 Bxf4 35.fxe4 Bxc1
36.Rxc1 Red8 37.Nc5 Be8 38.Rc4 a5 39.e5 Ke7 40.Nb7 Bf7 41.Rxc6 Rxd4 42.Rc7+
Kf8 43.Nd6 Bd5 44.Bxd5 Rxd5 45.Nc4 Re8 46.Kf2 Re7 47.Rc6 Rd3 48.Rc5 a4 49.Ke2
Rh3 50.Rb5 b3 51.axb3 axb3 52.Nd2 Rc7 53.Rb8+ Ke7 54.Rxb3 Rxb3 55.Nxb3 Rc2+
56.Kd3 Rxb2 57.Nd4 Rxh2 58.Ke4 g6 59.Kf4 Rh4+ 60.Ke3 Rg4 61.Kd3 Rf4 62.Ke3 Rf1
63.Ke2 Ra1 64.Kf3 Ra4 65.Ke3 g5 66.Kd3 g4 67.Ke3 Kf7 68.Kd3 g3 69.Ne2 g2
70.Ke3 Ra1 71.e6+ Ke7 72.Kf2 Ra2 {#R} 0-1

[Event "74th ch-GEO w 2017"]
[Site "Tbilisi GEO"]
[Date "2017.03.11"]
[Round "1.5"]
[White "Arabidze,M"]
[Black "Mikadze,M"]
[Result "1-0"]
[WhiteElo "2383"]
[BlackElo "2280"]
[EventType "tourn"]

1.d4 d5 2.c4 e6 3.Nf3 Nf6 4.g3 Be7 5.Bg2 O-O 6.O-O dxc4 7.Qc2 a6 8.Qxc4 b5
9.Qc2 Bb7 10.Bd2 Be4 11.Qc1 Nbd7 12.Ba5 Ra7 13.Nbd2 Ba8 14.Qc2 Qb8 15.b4 h6
16.Rfc1 Bd6 17.e4 e5 18.dxe5 Nxe5 19.Nd4 c5 20.bxc5 Rc8 21.N2b3 Bf8 22.Nf5
Nfd7 23.Qe2 Nxc5 24.Nxc5 Rxc5 25.Rxc5 Bxc5 26.Rd1 Bb6 27.Bxb6 Qxb6 28.Rd6 Bc6
29.Qb2 f6 30.Qb3+ Kh7 31.Qe6 Qc5 32.Rd8 Qc1+ 33.Bf1 Bxe4 34.Qg8+ Kg6 35.Nh4+
Kh5 36.Qe8+ g6 37.Rd4 Qe1 38.Qd8 Ng4 39.Rd2 Nxh2 40.Rd1 Qb4 41.Kxh2 Qb2 42.Rd2
Ra8 43.Be2+ Kg5 44.f4# 1-0

[Event "ISEM URLA GM 2017"]
[Site "Izmir TUR"]
[Date "2017.03.11"]
[Round "7.2"]
[White "Nevednichy,V"]
[Black "Arat,Uf"]
[Result "1-0"]
[WhiteElo "2547"]
[BlackElo "2382"]

1.e4 c6 2.d4 d5 3.exd5 cxd5 4.Bd3 Nc6 5.c3 Qc7 6.Na3 a6 7.Nc2 Nf6 8.Ne2 Bg4
9.f3 Bh5 10.Bf4 Qd7 11.h4 e6 12.g4 Bg6 13.Ne3 Bd6 14.Kf2 Bxd3 15.Qxd3 h5 16.g5
Ng8 17.g6 f6 18.c4 Nge7 19.Bxd6 Qxd6 20.c5 Qd7 21.a3 e5 22.b4 O-O 23.Rad1 Rad8
24.Rhg1 Qh3 25.Rh1 Qe6 26.Rhg1 f5 27.f4 e4 28.Qc3 Nxg6 29.Rg5 Nxh4 30.Rh1 Nf3
31.Rgxh5 Rf6 32.Rh8+ Kf7 33.Rxd8 Nxd8 34.Qb3 Rh6 35.Rxh6 gxh6 36.Qxd5 Qxd5
37.Nxd5 Ne6 38.Ke3 Ne1 39.Kd2 Ng2 40.Ne3 Nxe3 41.Kxe3 Nc7 42.Kf2 Ke6 43.Nc3
Nd5 44.Ne2 Kf6 45.Kg3 Ne3 46.a4 Nc2 47.b5 axb5 48.axb5 Ke6 49.Kh4 Ke7 50.Kh5
Na3 51.b6 Nc4 52.Kxh6 Na5 53.Kg5 Ke6 54.Nc3 e3 55.d5+ Kd7 56.Kxf5 Nb3 57.Ke4
e2 58.Nxe2 Nxc5+ 59.Kd4 Na4 60.Nc3 Nxb6 61.Ne4 Nc8 62.f5 Ne7 63.Nc5+ Ke8
64.Ke5 b5 65.Ke6 b4 66.d6 Nc6 67.d7+ Kf8 68.Kd6 {#r} 1-0